00538nam a2200145Ia 4500008004100000082002100041100002400062245002900086260004400115630001800159650005800177942000900235952013100244999001700375211109s9999||||xx |||||||||||||| ||und|| a954.09548bSAI-K aSaith Muhammed, P A 0aKeralacharithraveekshanm bSahithya Pravarthaka...aKottayamc1959 xGeneral Stack aHistoryvHistory of KeralaHistory of IndiaxGeneralia cBOOK 00104070aSBCLbSBCLc2d2021-11-09g100.00l1o954.09548 SAI-Kp00024583r2023-08-10 00:00:00s2023-07-31w2021-11-09yBOOK c23828d23828